000 00562nam a2200181Ia 4500
003 SGT
020 _a8126505192
082 _a4.8
_bKRU
100 _aKrutz, Ronald L.
245 4 _aThe CISSP Prep Guide Mastering the CISSP and ISSEP Exams
250 _a2nd . Ed.
260 _bWiley India Pvt. Ltd.
_aN.Delhi
_c2004
300 _a1024p.
650 _aCOMPUTER SCIENCE
653 _aSECURITY MANAGEMENT PRACTICES,ACCESS CONTROL SYSTEMS,CRYPTOGRAPHY,APPLICATION AND SYSTEMS DEVELOPMENT,OPERATIONS SECURITY
700 _aVines, Russell Dean
942 _2ddc
_cBK
999 _c5650
_d5650